000 00308nam a2200133Ia 4500
008 191201s2007 xx 000 0 und d
082 _a658.87
_bCOR
100 _aCOX, Roger
245 0 _aRetailing: An Introduction
260 _aN. Delhi
_bPearson
_c2007
300 _a348
650 _aBBA
942 _2ddc
_cBK
999 _c5951
_d5951